000 00731nam a2200205Ii 4500
003 JO-AjNU
008 230605s9999||||xx |||||||||||||| ||und||
017 _a1982/1354
040 _aJO-AjNU
_bara
_erda
_cJO-AjNU
041 _aara
050 1 4 _aH62 .A6788.1981
100 3 _aاحسان محمد الحسن، عبدالمنعم الحسني,
_eauthor
_938004
245 0 0 _aطرق البحث الاجتماعي
264 3 1 _aالجمهورية العراقية:وزارة التعليم العالي والبحث العلمي،1981
300 _a352ص
336 _atext
_btxt
_2rdacontent
337 _aunmediated
_bn
_2rdamedia
338 _avolume
_bnc
_2rdacarrier
650 4 _aالعلوم اجتماعية-بحوث
_938005
999 _aA15930
_c19498
_d19498